Statistiques concernant Ultimate Réalisateurs Quiz

Cliquez ici pour prendre le quiz!

Statistiques générales

  • Ce quiz a été pris 250 fois
    (236 depuis la dernière actualisation)
  • Le résultat moyen est 140 sur 409

Statistiques - réponses

HintRéponse% Correct
1994Pulp Fiction
92%
2003Kill Bill Vol.1
90%
2010Inception
89%
1989Batman
88%
2019Once Upon a Time...In Hollywood
88%
2012Django Unchained
87%
2004Kill Bill Vol.2
87%
2014Interstellar
84%
2008The Dark Knight
84%
2017Dunkerque
83%
1999Fight Club
83%
Le Parrain
83%
2000Memento
83%
1992Reservoir Dogs
83%
1997Titanic
83%
Alien
82%
2009Inglourious Basterds
82%
2009Avatar
81%
2005Batman Begins
81%
2016La La Land
81%
1995Seven
81%
2020Tenet
81%
2012The Dark Knight Rises
80%
Jack
79%
Le Parrain - 2ème Partie
78%
1977Star Wars Episode IV : Un Nouvel Espoir
78%
1997Jackie Brown
77%
2015Les Huit Salopards
77%
2007Boulevard de la mort
76%
E.T. L'extra-terrestre
76%
Le Parrain - 3ème Partie
75%
Les Affranchis
75%
1985Retour vers le Futur
75%
Shining
74%
Spider-Man
74%
1984Terminator
74%
2014Whiplash
74%
Apocalypse Now
73%
Taxi Driver
73%
Orange Mécanique
72%
Spider-Man 2
72%
Spider-Man 3
72%
2006Le Prestige
71%
2001, L'Odyssée de l'Espace
70%
1990Edward aux mains d'argent
70%
2014Gone Girl
70%
Le Bon, La Brute et le Truand
70%
2007Zodiac
70%
Le Loup de Wall Street
69%
1989Retour vers le Futur 2
69%
1990Retour vers le Futur 3
69%
1991Terminator 2 : Le Jugement Dernier
69%
2010The Social Network
69%
1994Forrest Gump
68%
Mulholland Drive
68%
No Country for Old Men
67%
1986Aliens le retour
66%
Casino
66%
Elephant Man
66%
Jurassic Park
66%
Les Dents de la mer
66%
Scarface
66%
Shutter Island
66%
Il était une fois dans l'Ouest
65%
Les Infiltrés
65%
Fargo
64%
Gladiator
64%
Le Labyrinthe de Pan
63%
1992Alien 3
62%
2005Charlie et la Chocolaterie
62%
La Liste de Schindler
62%
1999Star Wars Episode I : La Menace Fantôme
62%
Il était une fois en Amérique
61%
Ready Player One
61%
2002Star Wars Episode II : L'Attaque des Clones
61%
The Irishman
61%
2005Star Wars Episode III : La Revanche des Siths
60%
2018First Man : Le Premier Homme sur la Lune
59%
Incassable
59%
American Beauty
58%
Full Metal Jacket
58%
1917
57%
2010Alice au Pays des Merveilles
57%
2003Big Fish
57%
Gravity
57%
2002Insomnia
57%
La Forme de l'Eau
57%
2008L'Etrange Histoire de Benjamin Button
57%
Raging Bull
57%
Sixième Sens
57%
1999Sleepy Hollow : La Légende du Cavalier sans tête
57%
Evil Dead
56%
Indiana Jones et le Temple Maudit
56%
Pour une Poignée de Dollars
56%
Split
56%
The Big Lebowski
56%
1997The Game
56%
2005Les Noces Funèbres
55%
Il Faut Sauver le Soldat Ryan
54%
Slumdog Millionaire
54%
Evil Dead 2
53%
Eyes Wide Shut
53%
Glass
53%
Indiana Jones : Les Aventuriers de l'Arche Perdue
53%
2002Panic Room
53%
Aviator
51%
1988Beetlejuice
51%
Gangs of New York
50%
Indiana Jones et la Dernière Croisade
50%
Le Monde Perdu : Jurassic Park
50%
2011Millénium : Les Hommes qui n'aimaient pas les femmes
50%
Moulin Rouge
50%
Trainspotting
50%
1989Abyss
49%
Blade Runner
48%
Evild Dead 3 : L'Armée des Ténèbres
48%
Minority Report
48%
Skyfall
47%
The Tree of Life
47%
Docteur Folamour
46%
2019Dumbo
46%
Dune
46%
Hot Fuzz
46%
Hugo Cabret
46%
Barry Lyndon
45%
1992Batman : Le Défi
45%
Gatsby le Magnifique
45%
1988Qui veut la peau de Roger Rabbit ?
45%
Baby Driver
44%
Harry Potter et le Prisonnier d'Azkaban
44%
Hellboy
44%
Eraserhead
43%
La Guerre des Mondes
43%
Le Pont des Espions
43%
Les Sentiers de la Gloire
43%
1996Mars Attacks !
43%
Mean Streets
43%
Prometheus
43%
Roma
43%
Shaun of the dead
43%
Signes
43%
Spartacus
43%
Star Wars épisode VII : Le Réveil de la Force
43%
007 Spectre
42%
2012Frankenweenie
42%
La Ligne Rouge
42%
Le Bon Gros Géant
42%
Les Aventures de Tintin : Le Secret de la Licorne
42%
2007Sweeney Todd : Le Diabolique Barbier de Fleet Street
42%
Les Fils de l'homme
41%
2016Miss Peregrine et les enfants particuliers
41%
Scott Pilgrim
41%
2000Seul au Monde
41%
Silence
41%
Blue Velvet
40%
Mission : Impossible
40%
O'Brother
40%
Twin Peaks : Fire Walk With Me
40%
1973American Graffiti
39%
Rencontres du Troisième type
39%
T2 Trainspotting
39%
1994Ed Wood
38%
Et Pour quelques dollars de plus
38%
1998Following
38%
Il était une fois la révolution
38%
Le Village
38%
Star Wars épisode IX : L'Ascension de Skywalker
38%
Arrête-moi si tu peux
37%
2014Big Eyes
37%
Da Vinci Code
37%
Lolita
37%
1985Pee-Wee Big Adventure
37%
Pentagon Papers
37%
Dracula
36%
Indiana Jones et le Royaume du crâne de Cristal
36%
La Valse des Pantins
36%
Pacific Rim
36%
Platoon
36%
Cheval de Guerre
35%
Hellboy 2 : Les Légions d'or Maudites
35%
Super 8
35%
Burn After Reading
34%
Le Dernier Pub avant la fin du monde
34%
Lincoln
34%
28 jours plus tard
33%
Munich
33%
Alien : Covenant
32%
La Couleur Pourpre
32%
La Plage
32%
2001La Planète des Singes
32%
Le Terminal
32%
Yesterday
32%
Australia
31%
Rush
31%
Sailor et Lula
31%
Sugarland Express
31%
A.I. Intelligence Artificielle
30%
Ave, César !
30%
2012Dark Shadows
30%
Les Nerfs à Vif
30%
Les Noces Rebelles
30%
Lost Highway
30%
Roméo + Juliette
30%
Hook ou la revanche du Capitaine Crochet
29%
Barton Fink
28%
JFK
28%
L'Impasse
28%
The Visit
28%
Le Dernier Maître de l'air
27%
New York, New York
27%
Star Trek
27%
Anges et Démons
26%
Blow Out
26%
Inland Empire
26%
La Ballade de Buster Scruggs
26%
Les Incorruptibles
26%
Seul sur Mars
26%
Solo : A Star Wars Story
26%
Thelma et Louise
26%
1941
25%
After Earth
25%
True Grit
25%
Carrie au bal du diable
24%
Exodus : Gods and Kings
24%
Les Duellistes
24%
Les Sentiers de la Perdition
24%
American Gangster
23%
Apollo 13
23%
Conversation Secrète
23%
Darkman
23%
Inferno
23%
La Dernière Tentation du Christ
23%
2004Le Pôle Express
23%
L'Ultime Razzia
23%
Steve Jobs
23%
1971THX 1138
23%
1994True Lies
23%
Une histoire vraie
23%
Le Colosse de Rhodes
22%
Phantom of the paradise
22%
Sunshine
22%
Tueurs Nés
22%
Un homme d'exception
22%
127 Heures
21%
Always
21%
Arizona Junior
21%
Inside Llewyn Davis
21%
Kingdom Of Heaven
21%
Mission : Impossible 3
21%
Mon nom est Personne
21%
Phénomènes
21%
Willow
21%
Amistad
20%
Crimson Peak
20%
Empire du Soleil
20%
La Jeune Fille de l'eau
20%
Les Moissons du Ciel
20%
Miller's Crossing
20%
Pulsions
20%
Robin des Bois
20%
Snake Eyes
20%
Né un 4 Juillet
19%
Sang pour Sang
19%
1492 : Christophe Colomb
18%
2016Alliés
18%
Blade 2
18%
Fear and Desire
18%
Jarhead
18%
Jusqu'en enfer
18%
1981Piranha 2 : Tueurs Volants
18%
After Hours
17%
Alice n'est plus ici
17%
Cartel
17%
Frost/Nixon
17%
Knight of Cups
17%
La Chute du Faucon Noir
17%
Ladykillers
17%
L'Echine du Diable
17%
Le Dahlia Noir
17%
Le Monde Fantastique d'Oz
17%
Le Nouveau Monde
17%
Snowden
17%
Star Trek Into Darkness
17%
Wall Street
17%
Y tu mama tambien
17%
A tombeau ouvert
16%
2012Flight
16%
Mensonges d'état
16%
Nixon
16%
Petits Meurtres entre amis
16%
2015The Walk : Rêver plus haut
16%
Un Plan Simple
16%
Au coeur de l'océan
15%
1997Contact
15%
Intolérable Cruauté
15%
Kundun
15%
La Balade Sauvage
15%
La Couleur de l'Argent
15%
Legend
15%
Mimic
15%
Mort ou Vif
15%
Trance
15%
Who's That Knocking at My Door
15%
Une vie cachée
14%
2018Bienvenue à Marwen
13%
Le Temps de l'Innocence
13%
The Barber
13%
A armes égales
12%
A Serious Man
12%
2007La Légende de Beowulf
12%
Le Grinch
12%
Outsiders
12%
Passion
12%
Savages
12%
Tetro
12%
Tout l'argent du monde
12%
Twixt
12%
Wall Street : L'Argent ne dort jamais
12%
World Trade Center
12%
Alexandre
11%
Bertha Boxcar
11%
Body Double
11%
Cronos
11%
Hannibal
11%
1992La Mort vous va si bien
11%
Le Baiser du Tueur
11%
Mission to Mars
11%
Outrages
11%
Song to Song
11%
1984A la poursuite du diamant Vert
10%
Black Rain
10%
Cocoon
10%
Domino - La Guerre Silencieuse
10%
Entre Ciel et Terre
10%
Femme Fatale
10%
2009Guy and Madeleine on a Park Brench
10%
La Petite Princesse
10%
2009Le Drôle de Noël de Scrooge
10%
Le Grand Saut
10%
Les Associés
10%
L'Homme sans âge
10%
The Doors
10%
U-Turn
10%
2000Apparences
9%
Cotton Club
9%
Lame de Fond
9%
L'enfer du dimanche
9%
Peggy Sue s'est Mariée
9%
Splash
9%
Away We Go
8%
Mort sur le Grill
8%
Redacted
8%
Traquée
8%
Une Grande Année
8%
A la Merveille
7%
Balroom Dancing
7%
De Grandes Espérances
7%
Dementia 13
7%
En direct sur Edtv
7%
Eveil à la vie
7%
Furie
7%
La Rançon
7%
Le Dilemme
7%
L'Esprit de Caïn
7%
L'Idéaliste
7%
Praying with anger
7%
Rusty James
7%
Salvador
7%
Tucker
7%
Conversations Nocturnes
6%
Greetings
6%
Hi Mom!/Les Nuits de New York
6%
Home Movies
6%
Intuitions
6%
Le Bûcher des vanités
6%
Millions
6%
New York Stories
6%
Obsession
6%
Portrait craché d'une famille modèle
6%
Une vie moins ordinaire
6%
Un génie, deux associés, une cloche
6%
Uniquement avec ton partenaire
6%
1978Crazy Day
5%
Gung-Ho, du saké dans le moteur
5%
Lâchez les bolides
5%
Mafia Salad
5%
Pour l'amour du jeu
5%
The Wedding Party
5%
Voyage of Time : Au Fil de la Vie
5%
Backdraft
4%
Captain Eo
4%
Coup de Coeur
4%
De l'ombre à la lumière
4%
Jardins de Pierre
4%
La Main du Cauchemar
4%
Les Croque-morts en folie
4%
Soeur de Sang
4%
Big Boy
3%
Get to Know Your Rabbit
3%
Horizons Lointains
3%
1980La Grande Magouille
3%
La Reine du mal
3%
La Vallée du Bonheur
3%
Le Journal
3%
Les Disparues
3%
Les Gens de la pluie
3%
L'Ouest sauvage et nu
3%
Meurtre à la mode
3%
W. : L'Impitoyable Président
3%

Distribution des résultats

Percentile par nombre de réponses

% des personnes avec chaque résultat

Votre développement - résultats

Vous n’avez pas pris ce quiz depuis la dernière actualisation